Missing Word: Garth Brooks Songs Quiz Stats

Quiz Updated Sep 13, 2015

Challenge
Share
Tweet
Embed
Score 0/20 Timer 02:00
0 Plays Today
Song Title Missing Word % Correct
If Tomorrow ___ ComesNever
91.6%
___ in Low PlacesFriends
89.8%
___ Than a MemoryMore
88.5%
Two ___ ColadasPiña
88.2%
Much Too ___ (To Feel This D*** Old)Young
79.2%
What She's Doing ___Now
77.6%
Two of a Kind, Workin' on a Full ___House
73.4%
Callin' ___ RougeBaton
73.2%
The Thunder ___Rolls
72.3%
Ain't Goin' ___ ('Til the Sun Comes Up)Down
70.9%
Song Title Missing Word % Correct
To Make You Feel My ___Love
69.9%
Unanswered ___Prayers
69.5%
Longneck ___Bottle
66%
American Honky-Tonk ___ AssociationBar
61.6%
We ___ Be FreeShall
60%
Standing ___ The FireOutside
58%
She's Every ___Woman
57.1%
When You Come Back to Me ___Again
49.4%
The ___ of CheyenneBeaches
41.2%
Somewhere Other Than the ___Night
38%

Today's Daily Dose

Word Ladder
'90s Movies

Quick Pick
'Fire' Movies

On This Day
June 19th II

You're not logged in!

Compare scores with friends on all Sporcle quizzes.
Join for Free
OR
Log In

You Might Also Like...

Show Comments

Extras

Top Quizzes Today


Score Distribution

Your Account Isn't Verified!

In order to create a playlist on Sporcle, you need to verify the email address you used during registration. Go to your Sporcle Settings to finish the process.

Report this User

Report this user for behavior that violates our Community Guidelines.

Details: